| 000 | 01805cab a2200241 4500 | ||
|---|---|---|---|
| 001 | ABS67444 | ||
| 008 | 040205n2004 000 0 eng u | ||
| 035 | _a(Sirsi) u125062 | ||
| 245 | _aR (on the application of Richardson and another) v North Yorkshire County Council and others | ||
| 260 | _c2004 | ||
| 490 |
_aEstates Gazette _v[2004] 01 EG 93(CS) |
||
| 520 | _a[2003] EWCA Civ 1860, 19 December 2003. Appellants (R) and others appealed against an HC decision refusing to allow a judicial review claim challenging the validity of the grant of planning permission for the extension of a quarry. R alleged that i) N had breached the requirement in the Town and Country Planning (Environmental Impact Assessment) (England and Wales) Regulations 1999 3(2) by not stating in its decision that it had taken environmental information into consideration ii) the notice failed to satisfy Reg 3(2) requirements iii) noted a failure to include on the register a statement of the main reasons for the decision and that iv) it had been unlawful to exclude R from thecommittee meeting. CA dismissed R's grounds for appeal. Appeal dismissed. View at www.courtservice.gov.uk. | ||
| 590 | _aABS | ||
| 650 | _aR v NORTH YORKSHIRE CC AND OTHERS EX P RICHARDSON AND ANOTHER | ||
| 650 | _aPLANNING PERMISSION | ||
| 650 | _aQUARRY | ||
| 650 | _aJUDICIAL REVIEW | ||
| 650 | _aTOWN AND COUNTRY PLANNING (ENVIRONMENTAL IMPACT ASSESSMENT) (ENGLAND AND WALES) REGULATIONS 1999 | ||
| 650 | _aENVIRONMENTAL IMPACT ASSESSMENTS | ||
| 690 | _aENVIRONMENTAL AND LAND CONSULTANCY-PLANNING AND DEVELOPMENT | ||
| 856 |
_uhttps://lexisweb.co.uk/cases/2003/december/r-on-the-application-of-richardson-and-another-v-north-yorkshire-county-council-and-another _zView a summary of the case at www.lexisweb.co.uk. |
||
| 942 | _n0 | ||
| 999 |
_c74131 _d74131 |
||